Little secrets (Record no. 189660)

000 -LEADER
fixed length control field 00358nam a2200145Ia 4500
008 - FIXED-LENGTH DATA ELEMENTS--GENERAL INFORMATION
fixed length control field 220405s9999||||xx |||||||||||||| ||und||
020 ## - INTERNATIONAL STANDARD BOOK NUMBER
International Standard Book Number 9781848457119
082 ## - DEWEY DECIMAL CLASSIFICATION NUMBER
Classification number 823 SNO
100 ## - MAIN ENTRY--PERSONAL NAME
Personal name Snoekstra, Anna
9 (RLIN) 10602
245 #0 - TITLE STATEMENT
Title Little secrets
260 ## - PUBLICATION, DISTRIBUTION, ETC.
Place of publication, distribution, etc. HQ
Name of publisher, distributor, etc. UK
Date of publication, distribution, etc. 2017
300 ## - PHYSICAL DESCRIPTION
Extent 330p.
Other physical details Rs.399
650 ## - SUBJECT ADDED ENTRY--TOPICAL TERM
Topical term or geographic name entry element GENERAL BOOKS
942 ## - ADDED ENTRY ELEMENTS (KOHA)
Koha item type
Holdings
Withdrawn status Lost status Source of classification or shelving scheme Damaged status Not for loan Collection code Home library Current library Date acquired Total Checkouts Total Renewals Full call number Barcode Date last seen Date last checked out Price effective from Koha item type
          Humanity Science Central Library Central Library 04/05/2022 4 1 823 SNO SP53 03/03/2023 02/16/2023 04/05/2022 Special collection books

Powered by Koha